2025/26 English Premier League Teams - Statistics

General Stats
  • This quiz has been taken 64 times
  • The average score is 18 of 20
Answer Stats
Team % Correct
Chelsea
96%
Manchester City
96%
Manchester United
96%
Newcastle United
96%
Arsenal
94%
Aston Villa
94%
Bournemouth
94%
Liverpool
94%
Wolverhampton Wanderers
94%
Leeds
92%
Brighton & Hove Albion
90%
Burnley
90%
Crystal Palace
90%
Fulham
90%
Sunderland
90%
Tottenham Hotspur
90%
Brentford
87%
Everton
83%
Nottingham Forest
81%
West Ham United
81%
No matching quizzes found
Score Distribution
Percent of People with Each Score
Percentile by Number Answered
Your Score History
You have not taken this quiz